Score 0/20 Timer 03:00
0 Plays Today
Movie Title % Correct
The Hunger _____Games
99.3%
21 Jump _____Street
95.3%
Wreck-It _____Ralph
90.1%
The Dark Knight _____Rises
85.6%
Django _____Unchained
84.8%
Life of _____Pi
83.4%
The Hobbit: An Unexpected _____Journey
81%
Pitch _____Perfect
80.6%
Zero Dark _____Thirty
79%
Silver Linings _____Playbook
78.7%
Movie Title % Correct
Snow White and the _____Huntsman
72.8%
Mirror _____Mirror
69.6%
Magic _____Mike
69.4%
Marvel's The _____Avengers
68.6%
Dr. Seuss' The _____Lorax
61.4%
Wrath of the _____Titans
60%
Safe _____House
58%
The Bourne _____Legacy
51.8%
Hotel _____Transylvania
27.4%
Rise of the _____Guardians
26%

Today's Daily Dose

Remove Ads.
Support Sporcle.
Get the best of Sporcle when you Go Orange. This ad-free experience offers more features, more stats, and more fun while also helping to support Sporcle. Thank you for becoming a member.

You're not logged in!

Compare scores with friends on all Sporcle quizzes.
OR
Log In

Show Comments

Extras

Top Quizzes Today


Score Distribution

Your Account Isn't Verified!

In order to create a playlist on Sporcle, you need to verify the email address you used during registration. Go to your Sporcle Settings to finish the process.

Report this User

Report this user for behavior that violates our Community Guidelines.

Details: